LEADER 02309oam 2200553 a 450 001 9910792057303321 005 20240205213635.0 010 $a1-299-28196-6 010 $a90-8890-140-6 035 $a(CKB)2560000000099492 035 $a(EBL)1142838 035 $a(OCoLC)830162130 035 $a(SSID)ssj0000906111 035 $a(PQKBManifestationID)11475078 035 $a(PQKBTitleCode)TC0000906111 035 $a(PQKBWorkID)10930589 035 $a(PQKB)10497652 035 $a(MiAaPQ)EBC1142838 035 $a(Au-PeEL)EBL1142838 035 $a(CaPaEBR)ebr10723867 035 $a(CaONFJC)MIL459446 035 $a(EXLCZ)992560000000099492 100 $a20130708d2011 uy 0 101 0 $aeng 135 $aurcn||||||||| 181 $ctxt 182 $cc 183 $acr 200 10$aAmarna's leatherwork$hPart I$iPreliminary analysis and catalogue /$fAndre? J. Veldmeijer ; [illustrations, Erno Endenberg, Andre? J. Veldmeijer & Mikko H. Kriek] 210 $aLeiden $cSidestone Press$d2011 215 $a1 online resource (295 pages) 300 $aDescription based upon print version of record. 311 0 $a90-8890-075-2 320 $aIncludes bibliographical references. 327 $apt. I. Preliminary analysis -- pt. II. Catalogue. 330 $aThe ancient Egyptian city of Tell el-Amarna (or Amarna, ancient Akhetaten) was the short-lived capital built by the controversial Pharaoh Akhenaten, probably the father of the famous Tutankhamun, and abandoned shortly after his death (c. 1336 BCE). It is one of the few Pharaonic cities to have been thoroughly excavated and is a rich source of information about the daily life of the ancient Egyptians. This volume, the first of two, presents the leatherwork excavated at the site by these various expeditions. The book consists of two parts: the catalogue and the preliminary analysis. The former p 606 $aExcavations (Archaeology) 615 0$aExcavations (Archaeology) 676 $a932.01 700 $aVeldmeijer$b A. J$0854586 701 $aEndenberg$b Erno$01555802 701 $aKriek$b Mikko H$01555800 801 0$bMiAaPQ 801 1$bMiAaPQ 801 2$bMiAaPQ 906 $aBOOK 912 $a9910792057303321 996 $aAmarna's leatherwork$93817983 997 $aUNINA LEADER 01313nam0 22003011i 450 001 UON00268760 005 20231205103747.201 010 $a05-8212-061-6 100 $a20051107d1973 |0itac50 ba 101 $aeng 102 $aCN 105 $a|||| 1|||| 200 1 $aChina and the Southeast Asia since 1945$fC. P. Fitzgerald 210 $aHong Kong$cLongman$d1973 215 $aVI, 110 p.$d23 cm 316 $aSigla inv. incerta$5IT-UONSI DOPPISEAIV/024 606 $aRelazioni culturali$xCina/Sudest asiatico$3UONC008863$2FI 620 $aCN$dHong Kong$3UONL000075 686 $aSEA IV$cSUDEST ASIATICO - STORIA$2A 700 1$aFITZGERALD$bCharles P.$3UONV009499$0645317 701 1$aROPER$bMyra$3UONV041546$0656833 712 $aLongman$3UONV246453$4650 801 $aIT$bSOL$c20260123$gRICA 912 $aUON00268760 950 $aSIBA - SISTEMA BIBLIOTECARIO DI ATENEO E ARCHIVIO STORICO$dSI DOPPI SEA IV 024 $eSI SIN1972 7 024 Sigla inv. incerta 950 $aSIBA - SISTEMA BIBLIOTECARIO DI ATENEO E ARCHIVIO STORICO$dSI SEA IV 024 $eSI SIN2852 5 024 996 $aChina and the Southeast Asia since 1945$91239852 997 $aUNIOR